| 000 | 00419nam a22001217a 4500 | ||
|---|---|---|---|
| 082 |
_a347 _bJAV |
||
| 100 | _aJavaid, C.M. Afzal | ||
| 245 |
_aComplete Research on Arbitration Act 1940 Along with Relevant Laws / _cC.M. Afzal Javaid and Assisted by Muhammad Irfan Ul Haq Ch. |
||
| 260 |
_aLahore : _bAl-Haq Law Book House, _c2023. |
||
| 300 | _a461 p. | ||
| 650 |
_aLaw, Arbitration Act _9128039 |
||
| 942 |
_2ddc _cBK |
||
| 999 |
_c613053 _d613053 |
||